000 00418nam a2200181Ia 4500
001 1997
005 20260306143810.0
008 260306t2013||||xx |||||||||||||| ||spa||
041 _aESP
082 _a610.072
_bL69
100 _aLizaraso Soto, Frank
_eAUT
245 0 _aFundamentos de estadística médica
260 _c2013
300 _a
_c30 cm.
650 _aGEN
654 _aCPS
942 _cLIB
_dJUS
_fJUS
_2ddc
_n
999 _c1997
_d1997